000 00350nam a22001337a 4500
082 _aT-78
100 _aNasrullah Abeer
_947638
245 _aPavement distress survey Church street & Hayward street
_cNasrullah Abeer
260 _aRisalpur
_bMCE
_c2000
300 _a69 P, :
526 _a0
_b0
_c0
_dT_78
650 _aThesis
_934811
942 _2ddc
_cBK
999 _c551399
_d551399